[Event "SVK Extraliga 2017-18"]
[Site "Slovakia"]
[Date "2017.12.09"]
[Round "5"]
[White "Takacs, Laszlo"]
[Black "Koloditsova, Renata"]
[Result "1-0"]
[WhiteElo "2257"]
[BlackElo "2002"]
[Annotator "NA"]
[PlyCount "78"]
[EventDate "2017.??.??"]
[EventType "team-tourn"]
[EventCountry "SVK"]
[SourceTitle "playchess.com"]
[Source "ChessBase"]
[SourceQuality "1"]
[TimeControl "40/5400+30:1800+30"]

1. e4 {[%emt 0:00:00]} c6 {[%emt 0:00:25]} 2. Nc3 {[%emt 0:00:43]} d5 {[%emt 0:00:35]} 3. Nf3 {[%emt 0:00:05]} Bg4 {[%emt 0:10:12]} 4. h3 {[%emt 0:00:16]} Bxf3 {[%emt 0:00:06]} 5. Qxf3 {[%emt 0:00:05]} e6 {[%emt 0:00:36]} 6. Be2 {[%emt 0:00:19]} Nf6 {[%emt 0:22:16] B11: Caro-Kann: Two Knights Variation} (6... g6 7. d4 Bg7 8. Be3 Ne7 9. h4 h5 10. O-O-O Nd7 11. Bg5 Qb6 12. exd5 cxd5 13. Rhe1 Bh6 14. Bxh6 Rxh6 {½-½ (23) Ragger,M (2644)-Jobava,B (2712) Austria 2017}) 7. O-O {[%emt 0:02:12] LiveBook: 107 Games} Bd6 {[%emt 0:07:12]} 8. d4 {[%emt 0:06:50]} dxe4 {[%emt 0:00:17]} 9. Nxe4 {[%emt 0:00:05]} Nxe4 {[%emt 0:00:18]} 10. Qxe4 {[%emt 0:00:05]} Nd7 {[%emt 0:01:14]} 11. Bf3 {[%emt 0:04:17]} O-O {[%emt 0:01:12]} 12. Re1 $146 {[%emt 0:00:35]} ({Predecessor:} 12. Rd1 Re8 13. c4 a5 14. Be3 a4 15. a3 Qa5 {½-½ (68) Diakonova,E (1987)-Pogosian,M (2399) Tula 2014}) 12... Qa5 {[%emt 0:01:40]} 13. c3 {[%emt 0:04:58]} Rfe8 {[%emt 0:02:34]} 14. g3 {[%emt 0:03:32]} e5 {[%emt 0:05:47]} 15. Bg2 {[%emt 0:09:55]} exd4 {[%emt 0:21:30]} 16. Qxe8+ {[%emt 0:00:14]} Rxe8 {[%emt 0:00:06]} 17. Rxe8+ {[%emt 0:00:04]} Nf8 {[%emt 0:00:08]} 18. cxd4 {[%emt 0:02:21]} h6 {[%emt 0:02:57]} 19. Re2 {[%emt 0:05:28]} Ne6 {[%emt 0:00:34]} 20. Be3 {[%emt 0:00:35]} Nc7 {[%emt 0:00:44]} 21. a3 {[%emt 0:00:08]} Qb5 $14 {[%emt 0:00:48]} 22. Rae1 {[%emt 0:00:55]} Qd3 {[%emt 0:01:05]} 23. Bf4 {[%emt 0:00:58]} Qg6 {[%emt 0:00:34]} 24. Be4 {[%emt 0:05:58]} Qf6 {[%emt 0:00:03]} 25. Be5 {[%emt 0:01:12]} Bxe5 {[%emt 0:02:35]} 26. dxe5 {[%emt 0:00:04]} Qe6 {[%emt 0:00:52]} 27. Rd1 {[%emt 0:00:47]} g6 {[%emt 0:00:13]} 28. Kg2 {[%emt 0:02:33]} Qb3 {[%emt 0:05:27]} 29. Rd6 {[%emt 0:04:12]} Ne6 {[%emt 0:00:59]} 30. Re3 {[%emt 0:00:25]} Qa2 {[%emt 0:01:51]} 31. b4 {[%emt 0:05:55]} Kg7 {[%emt 0:02:27]} 32. Rd7 {[%emt 0:00:16]} Ng5 {[%emt 0:05:00]} 33. Bf3 {[%emt 0:08:00]} b6 {[%emt 0:01:54]} 34. h4 {[%emt 0:01:28]} Qe6 {[%emt 0:01:08]} 35. Rxa7 {[%emt 0:01:02]} Qh3+ {[%emt 0:01:16]} 36. Kg1 {[%emt 0:00:05]} Ne6 {[%emt 0:00:42]} 37. Bxc6 {[%emt 0:00:51]} g5 {[%emt 0:00:08]} 38. Bg2 {[%emt 0:03:52]} Qg4 {[%emt 0:00:19]} 39. Bf3 Kf8 1-0

[Event "SVK Extraliga 2017-18"]
[Site "Slovakia"]
[Date "2017.12.09"]
[Round "5"]
[White "Rohacek, Miroslav"]
[Black "Motuz, Karol"]
[Result "1/2-1/2"]
[WhiteElo "2255"]
[BlackElo "2431"]
[Annotator "TA"]
[PlyCount "74"]
[EventDate "2017.??.??"]
[EventType "team-tourn"]
[EventCountry "SVK"]
[SourceTitle "playchess.com"]
[Source "ChessBase"]
[SourceQuality "1"]

{[%evp 18,74,37,37,49,36,40,27,12,17,43,34,25,9,36,0,18,-7,12,-11,13,-10,0,0,0,0,0,0,0,0,0,0,0,0,0,-30,0,0,0,0,5,0,0,0,0,-14,0,-3,0,0,0,0,0,0,9,9,9,14,24]} 1. d4 d5 2. Nf3 Nf6 3. c4 c6 4. e3 {[%cal Be2e3,Be3e4][%mdl 32]} Bf5 5. Bd3 Bxd3 6. Qxd3 e6 7. Nc3 Nbd7 8. O-O Be7 9. e4 dxc4 10. Qxc4 O-O {D12: Slav Defence: 3 Nf3 Nf6 4 e3 Bf5} 11. Rd1 Rc8 12. Bf4 b5 {White has an edge.} (12... Re8 13. Qe2 a6 14. a3 h6 15. Rd3 Qa5 16. Rad1 Qh5 17. h3 Bf8 18. g4 {0-1 (47) L'Ami,E (2640)-Spoelman,W (2557) Amsterdam 2013}) 13. Qe2 Qb6 $146 ({Predecessor:} 13... b4 14. Na4 Qa5 15. b3 c5 16. d5 exd5 17. exd5 Rfe8 18. Qc2 {1-0 (46) Skembris,S (2469)-Knitl,A (2215) Bad Woerishofen 2008}) 14. a3 Rfe8 15. Ne5 Red8 16. Rac1 Qb7 17. h3 a6 18. Rc2 h6 19. Rcd2 (19. b4 {feels hotter.} Nxe5 20. Bxe5 Ra8 21. Na2 Nd7 22. Bf4) 19... Nxe5 20. Bxe5 c5 21. dxc5 {And now b4 would win.} Rxd2 22. Qxd2 Rxc5 23. Bd6 Bxd6 24. Qxd6 Rc7 25. Qd8+ Kh7 26. Kf1 Qc6 27. Qd6 {The position is equal.} Qc4+ 28. Qd3 $1 e5 29. Qxc4 (29. g3 {seems wilder.} Qe6 30. Kg2 Rc4 31. Qe3 b4 32. axb4 Rxb4 33. Rd2) 29... Rxc4 $11 {[%mdl 4096] Endgame KRN-KRN} 30. f3 Nh5 31. Kf2 Nf4 32. Rd2 Ne6 33. Rd5 f6 34. Rd6 Nc5 35. Rd5 Na4 36. Nxa4 Rxa4 37. Rc5 Rd4 {Precision: White = 44%, Black = 53%.} 1/2-1/2

[Event "SVK Extraliga 2017-18"]
[Site "Slovakia"]
[Date "2017.12.09"]
[Round "5"]
[White "Kamody, Mario"]
[Black "Kostolansky, Sebastian Lukas"]
[Result "1/2-1/2"]
[WhiteElo "2254"]
[BlackElo "2226"]
[Annotator "NA"]
[PlyCount "105"]
[EventDate "2017.??.??"]
[EventType "team-tourn"]
[EventCountry "SVK"]
[SourceTitle "playchess.com"]
[Source "ChessBase"]
[SourceQuality "1"]
[TimeControl "40/5400+30:1800+30"]

1. c4 {[%emt 0:00:07]} e5 {[%emt 0:00:08]} 2. g3 {[%emt 0:00:30]} Nf6 {[%emt 0:00:08]} 3. Bg2 {[%emt 0:00:12]} d5 {[%emt 0:00:08]} 4. cxd5 {[%emt 0:00:22]} Nxd5 {[%emt 0:00:07]} 5. Nf3 {[%emt 0:00:17]} Nc6 {[%emt 0:00:09]} 6. O-O {[%emt 0:00:15]} Be7 {[%emt 0:00:24]} 7. b3 {[%emt 0:01:49]} O-O {[%emt 0:02:39]} 8. Bb2 {[%emt 0:00:07]} f6 {[%emt 0:10:57]} 9. d4 {[%emt 0:03:10]} exd4 {[%emt 0:05:10]} 10. Nxd4 {[%emt 0:00:15]} Nxd4 {[%emt 0:00:53]} 11. Qxd4 {[%emt 0:00:53]} Be6 {[%emt 0:01:01]} 12. Rd1 {[%emt 0:02:41]} Nb4 {[%emt 0:16:06]} 13. Nc3 {[%emt 0:15:43]} Qxd4 {[%emt 0:03:46]} 14. Rxd4 $11 {[%emt 0:01:48]} c6 {[%emt 0:05:45]} 15. Rad1 {[%emt 0:04:14]} Rfd8 {[%emt 0:02:11]} 16. Be4 {[%emt 0:02:50]} Rxd4 {[%emt 0:09:51]} 17. Rxd4 {[%emt 0:00:12]} Rd8 {[%emt 0:10:04]} 18. Rxd8+ {[%emt 0:00:42]} Bxd8 {[%emt 0:00:07]} 19. Bb1 {[%emt 0:04:57]} a5 {[%emt 0:03:21]} 20. Kg2 {[%emt 0:04:34]} Kf7 {[%emt 0:03:48]} 21. f4 {[%emt 0:03:03]} f5 {[%emt 0:04:31]} 22. e4 {[%emt 0:10:50]} g6 {[%emt 0:00:40]} 23. Kf2 {[%emt 0:04:23]} Bb6+ {[%emt 0:02:23]} 24. Ke2 {[%emt 0:00:53]} Bd4 {[%emt 0:01:57]} 25. Na4 {[%emt 0:02:24]} Bxb2 {[%emt 0:02:35]} 26. Nxb2 {[%emt 0:00:07]} fxe4 {[%emt 0:00:09]} 27. Na4 {[%emt 0:01:27]} Bg4+ {[%emt 0:00:52]} 28. Kd2 {[%emt 0:02:31]} Bf5 {[%emt 0:00:34]} 29. Ke1 {[%emt 0:07:43]} Nd5 {[%emt 0:03:21]} 30. a3 {[%emt 0:01:36]} b5 {[%emt 0:03:45]} 31. Nc5 {[%emt 0:00:36]} Nc3 {[%emt 0:00:06]} 32. Bc2 {[%emt 0:00:17]} e3 {[%emt 0:00:39]} 33. Bxf5 {[%emt 0:00:28]} gxf5 {[%emt 0:00:11]} 34. a4 {[%emt 0:02:02]} Ke7 {[%emt 0:02:26]} 35. Nb7 {[%emt 0:00:45]} bxa4 {[%emt 0:03:18]} 36. bxa4 {[%emt 0:00:19]} Ke6 {[%emt 0:01:07]} 37. Nxa5 {[%emt 0:00:32]} Kd5 {[%emt 0:00:06]} 38. g4 {[%emt 0:05:10]} fxg4 {[%emt 0:00:26]} 39. f5 {[%emt 0:00:11]} h5 {[%emt 0:02:10]} 40. f6 {[%emt 0:00:24]} Ke6 {[%emt 0:30:15]} 41. Nxc6 {[%emt 0:31:24]} Nxa4 {[%emt 0:01:01]} 42. Ke2 {[%emt 0:02:23]} Kxf6 {[%emt 0:00:08]} 43. Kxe3 {[%emt 0:00:11]} Kg5 {[%emt 0:00:10]} 44. Ne5 {[%emt 0:03:26]} Nc5 {[%emt 0:00:34]} 45. Kf2 {[%emt 0:01:17]} Kf5 {[%emt 0:01:09]} 46. Nc6 {[%emt 0:02:31]} Kf4 {[%emt 0:00:50]} 47. Kg2 {[%emt 0:04:12]} Ne4 {[%emt 0:01:10]} 48. h3 {[%emt 0:02:22]} g3 {[%emt 0:00:10]} 49. Nd4 {[%emt 0:00:34]} h4 {[%emt 0:00:29]} 50. Nf3 {[%emt 0:00:13]} Ng5 {[%emt 0:00:57]} 51. Nxh4 {[%emt 0:01:36]} Nxh3 {[%emt 0:00:26]} 52. Kxh3 {[%emt 0:00:13]} g2 {[%emt 0:00:08]} 53. Nxg2+ {[%emt 0:00:02]} 1/2-1/2

[Event "SVK Extraliga 2017-18"]
[Site "Slovakia"]
[Date "2017.12.09"]
[Round "5"]
[White "Zvarik, Martin"]
[Black "Gasa, Andrej"]
[Result "1-0"]
[WhiteElo "2254"]
[BlackElo "2271"]
[Annotator "NA"]
[PlyCount "123"]
[EventDate "2017.??.??"]
[EventType "team-tourn"]
[EventCountry "SVK"]
[SourceTitle "playchess.com"]
[Source "ChessBase"]
[SourceQuality "1"]
[TimeControl "40/5400+30:1800+30"]

1. d4 {[%emt 0:00:00]} Nf6 {[%emt 0:00:19]} 2. Bg5 {[%emt 0:00:07]} Ne4 {[%emt 0:01:24]} 3. Bh4 {[%emt 0:00:44]} d5 {[%emt 0:00:49]} 4. f3 {[%emt 0:01:10]} Nf6 {[%emt 0:00:36]} 5. Nd2 {[%emt 0:01:07] A45: Trompowsky Attack} e6 {[%emt 0:05:01]} 6. c3 {[%emt 0:01:28]} Be7 $146 {[%emt 0:00:59]} ({Predecessor:} 6... c5 7. e3 Be7 8. Bd3 Nbd7 9. f4 b6 10. Qf3 Bb7 11. Ne2 a5 12. Bxf6 Bxf6 {0-1 (47) Chepukaitis,G (2417)-Shaposhnikov,E (2525) St Petersburg 2001}) 7. e4 {[%emt 0:01:31]} a6 {[%emt 0:00:06]} 8. Bd3 {[%emt 0:02:25]} c5 {[%emt 0:05:58]} 9. dxc5 {[%emt 0:10:14]} dxe4 {[%emt 0:02:54]} 10. Bxf6 {[%emt 0:02:49]} gxf6 {[%emt 0:00:55]} 11. Nxe4 {[%emt 0:01:31]} f5 {[%emt 0:00:30]} 12. Qa4+ {[%emt 0:02:34]} (12. Nd6+ $1 $14 Bxd6 13. cxd6) 12... Nc6 {[%emt 0:09:07]} (12... Nd7 $11 13. Nd6+ Kf8) 13. Nd6+ $1 {[%emt 0:00:49]} Bxd6 {[%emt 0:00:03]} 14. cxd6 {[%emt 0:00:09]} Qxd6 {[%emt 0:02:33]} 15. O-O-O {[%emt 0:00:12]} Qe7 {[%emt 0:00:07]} 16. Nh3 {[%emt 0:21:51]} Bd7 {[%emt 0:01:24]} 17. Rhe1 {[%emt 0:05:04]} Qf6 {[%emt 0:11:31]} 18. Qf4 {[%emt 0:08:43]} O-O-O {[%emt 0:00:56]} 19. g4 {[%emt 0:01:08]} Qh4 {[%emt 0:01:22]} 20. Ng5 $2 {[%emt 0:07:27] [#]} (20. Bf1 $11 {and White has nothing to worry.}) 20... Be8 $2 {[%emt 0:04:04]} (20... Rhf8 $1 $17 21. Bc4 e5) 21. Nxe6 {[%emt 0:03:31]} fxe6 {[%emt 0:00:45]} 22. Rxe6 {[%emt 0:00:17]} Rf8 {[%emt 0:28:57]} (22... Bd7 $1 $11 23. Bxf5 Qf2) 23. Bxf5 {[%emt 0:17:00]} Rxf5 {[%emt 0:00:42]} 24. Qxf5 {[%emt 0:03:31]} Bd7 {[%emt 0:01:03]} 25. Qf6 {[%emt 0:01:40]} Qxh2 {[%emt 0:05:03]} 26. Red6 {[%emt 0:01:22]} Qe2 {[%emt 0:04:52]} 27. R1d2 {[%emt 0:01:33]} Qe3 {[%emt 0:00:45]} 28. Qf7 {[%emt 0:01:05]} ({Günstiger ist} 28. b3 $16) 28... Nb8 {[%emt 0:00:54]} 29. R6d3 {[%emt 0:01:56]} ({Resist} 29. Qxh7 $6 Qxf3 30. R6d4 Qf1+ 31. Kc2 Qf6 $16) (29. b3 $18 {has better winning chances.}) 29... Qh6 {[%emt 0:01:21]} 30. f4 {[%emt 0:00:44]} Rf8 {[%emt 0:03:15]} 31. Qc4+ {[%emt 0:00:18]} Qc6 {[%emt 0:00:02]} 32. Qb4 {[%emt 0:01:01]} Re8 {[%emt 0:00:27]} 33. f5 {[%emt 0:00:31]} Qa4 {[%emt 0:03:35]} 34. Qxa4 {[%emt 0:00:31]} Bxa4 {[%emt 0:00:05]} 35. Rh2 {[%emt 0:00:33]} Re1+ {[%emt 0:02:10]} 36. Kd2 {[%emt 0:00:10]} Rd1+ {[%emt 0:02:18]} 37. Ke3 {[%emt 0:00:05]} Re1+ {[%emt 0:00:07]} 38. Kf4 {[%emt 0:00:16]} Re7 {[%emt 0:01:08]} 39. Rdh3 {[%emt 0:00:30]} Bc6 {[%emt 0:00:02]} 40. Rxh7 $18 {[%emt 0:00:25]} Re4+ {[%emt 0:30:03]} 41. Kg5 {[%emt 0:30:19]} Nd7 {[%emt 0:00:30]} 42. Rg7 {[%emt 0:00:00]} Re8 {[%emt 0:00:00]} 43. Rh6 {[%emt 0:00:00]} Nc5 {[%emt 0:00:00]} 44. Kh4 {[%emt 0:00:00]} Ne4 {[%emt 0:00:00]} 45. Rgh7 {[%emt 0:00:00]} Kd8 {[%emt 0:00:00]} 46. Rh8 {[%emt 0:00:00]} Bd5 {[%emt 0:00:00]} 47. Rxe8+ {[%emt 0:00:00]} Kxe8 {[%emt 0:00:00]} 48. g5 {[%emt 0:00:00]} Kf7 {[%emt 0:00:00]} 49. Rh7+ {[%emt 0:00:00]} Kg8 {[%emt 0:00:00]} 50. Rd7 {[%emt 0:00:00]} Bc6 {[%emt 0:00:00]} 51. Rd8+ {[%emt 0:00:00]} Kg7 {[%emt 0:00:00]} 52. Kg4 {[%emt 0:00:00]} Nf2+ {[%emt 0:00:00]} 53. Kg3 {[%emt 0:00:00]} Ne4+ {[%emt 0:00:00]} 54. Kf4 {[%emt 0:00:06]} Nf2 {[%emt 0:00:00]} 55. Rc8 {[%emt 0:01:23]} Nd3+ {[%emt 0:00:00]} 56. Ke3 {[%emt 0:01:00]} Ne5 {[%emt 0:00:00]} 57. Rc7+ {[%emt 0:00:47]} Kf8 {[%emt 0:00:00]} 58. b3 {[%emt 0:01:06]} Nf7 {[%emt 0:00:52]} 59. Kf4 {[%emt 0:01:05]} Nd6 {[%emt 0:00:16]} 60. g6 {[%emt 0:01:02]} Ne8 {[%emt 0:00:22]} 61. Rf7+ {[%emt 0:00:27]} Kg8 {[%emt 0:00:15]} 62. Ke5 {[%emt 0:00:22]} 1-0

[Event "SVK Extraliga 2017-18"]
[Site "Slovakia"]
[Date "2017.12.09"]
[Round "5"]
[White "Federic, Jozef"]
[Black "Lisko, Frantisek"]
[Result "0-1"]
[WhiteElo "2238"]
[BlackElo "2241"]
[Annotator "NA"]
[PlyCount "128"]
[EventDate "2017.??.??"]
[EventType "team-tourn"]
[EventCountry "SVK"]
[SourceTitle "playchess.com"]
[Source "ChessBase"]
[SourceQuality "1"]
[TimeControl "40/5400+30:1800+30"]

1. d4 {[%emt 0:00:00]} Nf6 {[%emt 0:00:07]} 2. Nf3 {[%emt 0:00:00]} e6 {[%emt 0:00:16]} 3. Bf4 {[%emt 0:06:17]} c5 {[%emt 0:00:26]} 4. c3 {[%emt 0:01:32]} Nc6 {[%emt 0:00:35]} 5. e3 {[%emt 0:01:21]} Nh5 {[%emt 0:00:32]} 6. Bg5 {[%emt 0:04:24] LiveBook: 29 Games} Qb6 {[%emt 0:00:18]} 7. Qb3 {[%emt 0:05:04]} h6 {[%emt 0:00:20]} 8. Bh4 {[%emt 0:01:42]} g5 {[%emt 0:00:21]} 9. Bg3 {[%emt 0:01:56]} Nxg3 {[%emt 0:00:34]} 10. hxg3 {[%emt 0:00:16]} Bg7 {[%emt 0:00:20]} 11. Na3 {[%emt 0:07:48]} d5 {[%emt 0:01:01]} 12. Be2 {[%emt 0:08:16]} Bd7 $11 {[%emt 0:14:08]} 13. Nd2 {[%emt 0:27:04]} O-O-O {[%emt 0:08:57]} 14. Qxb6 {[%emt 0:03:13]} axb6 {[%emt 0:00:05]} 15. Nb5 {[%emt 0:00:50]} Be8 {[%emt 0:02:18]} 16. f4 {[%emt 0:03:04]} f6 {[%emt 0:16:12]} 17. Bg4 {[%emt 0:02:41]} Kd7 {[%emt 0:02:52]} 18. Rd1 {[%emt 0:08:30]} Ke7 {[%emt 0:10:26]} 19. Bh5 {[%emt 0:04:51]} Bd7 {[%emt 0:04:00]} 20. Be2 {[%emt 0:02:52]} Ra8 {[%emt 0:04:57]} 21. Ra1 {[%emt 0:00:41]} Rhc8 {[%emt 0:02:38]} 22. Na3 {[%emt 0:01:05]} Nd8 {[%emt 0:06:43]} 23. Bb5 {[%emt 0:01:14]} Bc6 {[%emt 0:01:37]} 24. Bxc6 {[%emt 0:00:20]} bxc6 {[%emt 0:00:22]} 25. dxc5 {[%emt 0:03:45]} bxc5 {[%emt 0:00:08]} 26. Ke2 {[%emt 0:00:13]} Rcb8 {[%emt 0:01:21]} 27. Rhb1 {[%emt 0:00:10]} f5 {[%emt 0:01:28]} 28. Nc2 {[%emt 0:00:04]} Nf7 {[%emt 0:01:35]} 29. Ne1 {[%emt 0:01:14]} e5 {[%emt 0:02:45]} 30. Nd3 {[%emt 0:00:47]} Kd6 {[%emt 0:00:58]} 31. Rd1 {[%emt 0:01:09]} e4 {[%emt 0:01:06]} 32. Ne5 {[%emt 0:00:13]} Nxe5 {[%emt 0:00:59]} 33. fxe5+ {[%emt 0:00:04]} Kxe5 {[%emt 0:00:30]} 34. b3 {[%emt 0:00:59]} Ke6 {[%emt 0:01:14]} 35. Rdc1 {[%emt 0:00:32]} Ra3 {[%emt 0:03:26]} 36. Rc2 {[%emt 0:00:37]} Rba8 {[%emt 0:02:28]} 37. Kd1 {[%emt 0:02:30]} Be5 {[%emt 0:00:39]} 38. g4 {[%emt 0:00:34]} f4 {[%emt 0:02:29]} 39. Ke2 {[%emt 0:00:32]} fxe3 40. Kxe3 {[%emt 0:00:03]} Bxc3 {[%emt 0:33:06]} 41. Rh1 Bd4+ {[%emt 0:01:55]} 42. Ke2 {[%emt 0:30:04]} Rxa2 {[%emt 0:01:21]} 43. Rxh6+ {[%emt 0:00:07]} Kd7 {[%emt 0:01:04]} 44. Rh7+ {[%emt 0:01:56]} Kd6 {[%emt 0:01:08]} 45. Rh6+ {[%emt 0:00:31]} Kc7 {[%emt 0:00:34]} 46. Kd1 {[%emt 0:00:33]} Rxc2 {[%emt 0:01:00]} 47. Kxc2 {[%emt 0:00:03]} Ra2+ {[%emt 0:00:33]} 48. Kd1 {[%emt 0:00:13]} e3 {[%emt 0:00:00]} 49. Nf3 {[%emt 0:00:00]} Rxg2 {[%emt 0:00:00]} 50. b4 {[%emt 0:00:00]} Kb6 {[%emt 0:00:00]} 51. bxc5+ {[%emt 0:00:00]} Bxc5 {[%emt 0:00:00]} 52. Re6 {[%emt 0:00:00]} Rxg4 {[%emt 0:00:00]} 53. Ne5 {[%emt 0:00:00]} Rg1+ {[%emt 0:00:00]} 54. Ke2 {[%emt 0:00:00]} Rg2+ {[%emt 0:00:00]} 55. Kf3 {[%emt 0:00:00]} Rf2+ {[%emt 0:00:00]} 56. Kg3 {[%emt 0:00:00]} Kb5 {[%emt 0:00:00]} 57. Nd3 {[%emt 0:00:00]} Rf8 {[%emt 0:00:00]} 58. Kg4 {[%emt 0:00:00]} Bb6 {[%emt 0:00:00]} 59. Kxg5 {[%emt 0:00:00]} d4 {[%emt 0:00:00]} 60. Kg4 {[%emt 0:00:00]} c5 {[%emt 0:00:00]} 61. Ne5 {[%emt 0:00:00]} Bc7 {[%emt 0:00:00]} 62. Nd7 {[%emt 0:00:00]} Rd8 {[%emt 0:00:00]} 63. Nf6 {[%emt 0:00:00]} d3 {[%emt 0:00:46]} 64. Rxe3 {[%emt 0:00:00]} d2 {[%emt 0:00:27]} 0-1

[Event "SVK Extraliga 2017-18"]
[Site "Slovakia"]
[Date "2017.12.09"]
[Round "5"]
[White "Dobrotka, Martin"]
[Black "Klemanic, Emil"]
[Result "1/2-1/2"]
[WhiteElo "2195"]
[BlackElo "2105"]
[Annotator "TA"]
[PlyCount "35"]
[EventDate "2017.12.09"]
[EventType "team-tourn"]
[EventCountry "SVK"]
[SourceTitle "playchess.com"]
[Source "ChessBase"]
[SourceQuality "1"]

{[%evp 15,16,36,51]} 1. d4 Nf6 2. c4 g6 3. Nc3 Bg7 4. g3 O-O 5. Bg2 d6 6. Nf3 c6 7. O-O Qa5 8. e4 Qh5 {Predecessor:} 9. Ng5 $146 Qxd1 10. Rxd1 e5 11. d5 h6 12. Nf3 cxd5 13. cxd5 Bd7 14. Nd2 Rc8 15. Bf1 Bf8 16. f3 Na6 17. Nc4 Nb4 18. Ne3 {½-½ (50) Leko,P (2734)-Mamedyarov,S (2761) Dortmund 2010} 1/2-1/2

[Event "SVK Extraliga 2017-18"]
[Site "Slovakia"]
[Date "2017.12.09"]
[Round "5"]
[White "Vrbova, Niki"]
[Black "Palecek, Peter"]
[Result "0-1"]
[WhiteElo "2181"]
[BlackElo "2257"]
[Annotator "NA"]
[PlyCount "88"]
[EventDate "2017.??.??"]
[EventType "team-tourn"]
[EventCountry "SVK"]
[SourceTitle "playchess.com"]
[Source "ChessBase"]
[SourceQuality "1"]
[TimeControl "40/5400+30:1800+30"]

{[%evp 8,80,20,27,13,22,10,2,23,8,8,14,27,6,42,39,86,67,107,89,104,120,200,119,104,89,158,109,32767,77,94,75,78,99,102,50,66,-37,-20,-79,-104,-192,-165,-332,-188,-211,-156,32767,32767,32767,32767,32767,32767,32767,32767,32767,32767,32767,32767,32767,-164,32767,32767,32767,32767,32767,-135,32767,32767,32767,32767,32767,32767,-366,-384]} 1. e4 {[%emt 0:00:00]} e5 {[%emt 0:36:23]} 2. Nf3 {[%emt 0:01:27]} Nc6 {[%emt 0:00:34]} 3. Bc4 {[%emt 0:00:27]} Bc5 {[%emt 0:00:03]} 4. c3 {[%emt 0:00:10]} Nf6 {[%emt 0:00:05]} 5. d3 {[%emt 0:00:04]} d6 {[%emt 0:00:20]} 6. O-O {[%emt 0:00:45]} h6 {[%emt 0:02:31]} 7. Re1 {[%emt 0:03:54]} O-O {[%emt 0:00:16]} 8. h3 {[%emt 0:01:33]} a5 {[%emt 0:01:36] C54: Giuoco Piano: 4 c3 Nf6, main lines with 5 d4 and 5 d3} 9. Nbd2 {[%emt 0:01:29] LiveBook: 31 Games} Rb8 $146 {[%emt 0:00:07]} ({Predecessor:} 9... Be6 10. Bb5 Qb8 11. Nf1 Qa7 12. Be3 Bxe3 13. Nxe3 Ne7 14. a4 Ng6 15. Bc4 Bxc4 16. Nxc4 {½-½ (44) Carlsen,M (2837)-Ding,L (2774) Saint Louis 2017}) 10. a4 {[%emt 0:03:33]} Qe7 {[%emt 0:06:18]} 11. Nf1 {[%emt 0:03:31]} Nd8 {[%emt 0:06:56]} (11... Be6 $11) 12. Ng3 {[%emt 0:02:02]} c6 {[%emt 0:00:26]} 13. Bb3 {[%emt 0:07:24]} Bb6 {[%emt 0:00:17]} 14. d4 {[%emt 0:03:38]} Bc7 {[%emt 0:03:55]} (14... Ne6 $16 {was necessary.}) 15. Bc2 {[%emt 0:04:46]} Nh7 {[%emt 0:09:44]} 16. b3 {[%emt 0:08:37]} b5 {[%emt 0:06:55]} (16... Ne6 $142) 17. axb5 {[%emt 0:00:50]} cxb5 {[%emt 0:00:01]} 18. Nf5 {[%emt 0:13:49]} Bxf5 {[%emt 0:02:30]} 19. exf5 {[%emt 0:00:06]} Nf6 {[%emt 0:00:34]} 20. Nh2 {[%emt 0:07:08]} e4 {[%emt 0:02:13]} 21. Ng4 {[%emt 0:02:09]} d5 {[%emt 0:00:51]} 22. Nxf6+ {[%emt 0:06:09]} ({White should try} 22. c4 $1 $14) 22... Qxf6 {[%emt 0:00:02]} 23. Qg4 {[%emt 0:00:52]} (23. c4 $11 {remains equal.}) 23... Nc6 {[%emt 0:00:24]} 24. Bd2 {[%emt 0:03:26]} (24. Be3 $17 {might work better.}) 24... b4 {[%emt 0:01:18]} 25. f3 $2 {[%emt 0:02:27]} (25. Ra4 $17 {ist wohl besser.}) 25... bxc3 {[%emt 0:04:43]} 26. Bxc3 {[%emt 0:00:15]} exf3 {[%emt 0:01:46]} 27. Qxf3 {[%emt 0:01:19]} Bb6 {[%emt 0:00:19]} 28. Kh1 {[%emt 0:00:31]} Bxd4 {[%emt 0:02:02]} 29. Bxd4 Nxd4 {[%emt 0:00:05]} 30. Qd3 {[%emt 0:02:02]} Rfc8 {[%emt 0:00:41]} 31. Ra2 {[%emt 0:00:32]} Nxc2 {[%emt 0:04:55]} 32. Rxc2 {[%emt 0:00:05]} Rxc2 {[%emt 0:00:05]} 33. Qxc2 {[%emt 0:00:03]} d4 {[%emt 0:01:44]} 34. Qd3 {[%emt 0:02:21]} Rd8 {[%emt 0:01:15]} 35. Kg1 {[%emt 0:05:04]} Rd5 {[%emt 0:02:25]} 36. Rf1 {[%emt 0:01:08]} Rc5 {[%emt 0:00:27]} (36... Qe5 $19 37. Rd1 Kh7) 37. Rd1 {[%emt 0:05:43]} Rd5 {[%emt 0:01:56]} 38. Rf1 {[%emt 0:00:05]} Kh7 {[%emt 0:00:05]} 39. Rf4 {[%emt 0:01:52]} Qe5 {[%emt 0:00:44]} 40. Rf3 $19 {[%emt 0:06:09]} (40. Rf1) 40... Rc5 {[%emt 0:30:11]} 41. Qd2 {[%emt 0:32:28]} Rc3 {[%emt 0:02:03]} 42. Rd3 {[%emt 0:00:00]} Qc5 {[%emt 0:00:00]} 43. f6 {[%emt 0:00:00]} Rc1+ {[%emt 0:00:00]} 44. Kh2 {[%emt 0:00:00]} Qc7+ {[%emt 0:00:00]} 0-1